[Event "Berlin Werner Ott op"]
[Site "Berlin"]
[Date "2012.07.15"]
[Round "9"]
[White "Gremm, Albert Juergen"]
[Black "Bahner, Julius"]
[Result "0-1"]
[WhiteElo "1916"]
[BlackElo "2000"]
[PlyCount "56"]
[EventDate "2012.07.07"]
[EventType "swiss"]
[EventRounds "9"]
[EventCountry "GER"]
[SourceTitle "CBM 149 Extra"]
[Source "ChessBase"]
[SourceDate "2012.08.24"]
[SourceVersion "1"]
[SourceVersionDate "2012.08.24"]
[SourceQuality "1"]

1. d4 Nf6 2. Nc3 d5 3. Bg5 Bf5 4. e3 e6 5. Bd3 Bxd3 6. Qxd3 Nbd7 7. a3 Be7 8. f4 0-0 9. Nf3 c5 10. 0-0 Rc8 11. Ne5 a6 12. a4 Nb8 13. Rf3 Nc6 14. Rh3 Nb4 15. Qe2 cxd4 16. exd4 Nc6 17. Bxf6 Bxf6 18. Qh5 h6 19. Ng4 Bxd4+ 20. Kh1 Re8 21. Nxh6+ gxh6 22. Qxh6 Ne7 23. Rd1 Bg7 24. Qh7+ Kf8 25. Ne4 dxe4 26. Rxd8 Rexd8 27. Qh5 Rxc2 28. Kg1 Rdd2 0-1